000 01182nam a2200253 a 4500
001 BRL_1670
005 20190320211321.0
008 230414s1974----mx-a######---#000-0#spa-#
041 _aspa
044 _amx
050 4 _aF1219
_b.C53 1974
100 1 _aClavijero, Francisco Javier
_915721
245 1 0 _aHistoria antigua de México, sacada de los mejores historiadores españoles, y de manuscritos y pinturas antiguas de los indios
_bdividida en diez libros. Adornada de cartas geográficas y litografías; con disertaciones sobre la tierra, animales y los habitantes de Méjico
_cobra escrita en italiano por el abate don Francisco Javier Clavijero ; traducida por Francisco Pablo Vázquez.
260 _aMéxico
_bEditorial del Valle de México
_c1974
300 _ax, 439 p.
_bil., mapas
_c28 cm.
500 _aAu1853
500 _aVer también los numeros de sistema 6264, 4060 y 3729 pertenecientes al Fondo General Franz Mayer
650 1 4 _aIndígenas de México
_94678
651 4 _aMéxico
_xHistoria
_yHasta 1519
_99704
651 4 _aMéxico
_xHistoria
_yConquista, 1519-1540
_9442
700 1 _aVázquez, Francisco Pablo
_etr.
_927589
902 _aGRL
942 _2lcc
_cB
999 _c10479
_d10479